000 00338nam a22001337a 4500
020 _a9789383305438
082 _a001.42 IMA
100 _aImam, Dr. Ekwal
245 _aBasics of Research Methodology
260 _aNew Delhi
_bNew India Publishing Agency
_c2015
300 _a179
650 _aResearch Methodology-Sociology
942 _cBK
999 _c21367
_d21367